书目信息 |
| 题名: |
东亚季风年鉴
|
|
| 作者: | 邵勰 主编 ;国家气候中心 编 | |
| 分册: | 2016 | |
| 出版信息: | 北京 气象出版社 2018 |
|
| 页数: | 122页 | |
| 开本: | 29cm | |
| 丛书名: | ||
| 单 册: | ||
| 中图分类: | P425.4-54 | |
| 科图分类: | ||
| 主题词: | 东亚季风--2016--年鉴 | |
| 电子资源: | ||
| ISBN: | 978-7-5029-6727-7 | |
| 000 | 01108nam0 2200265 450 | |
| 001 | 012001002754 | |
| 005 | 20140101150255.0 | |
| 010 | @a978-7-5029-6727-7@b精装@dCNY65.00 | |
| 100 | @a20181129d2018 emky0chiy50 ea | |
| 101 | 0 | @achi |
| 102 | @aCN@b110000 | |
| 105 | @aab igz 000yy | |
| 106 | @ar | |
| 200 | 1 | @a东亚季风年鉴@Adong ya ji feng nian jian@h2016@dEast Asian monsoon yearbook@h2016@f国家气候中心(东亚季风活动中心)编@zeng |
| 210 | @a北京@c气象出版社@d2018 | |
| 215 | @a122页@c图,地图@d29cm | |
| 314 | @a主编:邵勰 | |
| 330 | @a本书分为3章。第1章描述了2015/2016年东亚冬季气候及冬季风环流系统的特点;第2章介绍了2016年东亚夏季气候和夏季风环流系统的特征;第3章主要介绍了2016年中国雨季进程的概况。年鉴中也回顾了2015/2016年冬季中日韩冬季风会商以及2016年夏季亚洲区域气候监测、预测和评估论坛气候预测的结果。 | |
| 510 | 1 | @aEast asian monsoon yearbook@h2016@zeng |
| 606 | 0 | @a东亚季风@z2016@j年鉴 |
| 690 | @aP425.4-54@v5 | |
| 701 | 0 | @a邵勰@Ashao xie@4主编 |
| 712 | 02 | @a国家气候中心@Aguo jia qi hou zhong xin@4编 |
| 801 | 0 | @aCN@b北京卓展@c20191020 |
| 905 | @b1204336-9@dP425.4-54@e153@f4 | |
| 东亚季风年鉴.2016=East Asian monsoon yearbook.2016/国家气候中心(东亚季风活动中心)编.-北京:气象出版社,2018 |
| 122页:图,地图;29cm |
| ISBN 978-7-5029-6727-7(精装):CNY65.00 |
| 本书分为3章。第1章描述了2015/2016年东亚冬季气候及冬季风环流系统的特点;第2章介绍了2016年东亚夏季气候和夏季风环流系统的特征;第3章主要介绍了2016年中国雨季进程的概况。年鉴中也回顾了2015/2016年冬季中日韩冬季风会商以及2016年夏季亚洲区域气候监测、预测和评估论坛气候预测的结果。 |
| ● |
| 相关链接 |
|
|
|
|
正题名:东亚季风年鉴
索取号:P425.4-54/153
 
预约/预借
| 序号 | 登录号 | 条形码 | 馆藏地/架位号 | 状态 | 备注 |
| 1 | 1204336 | 212043368 | 第二样本阅览室/ [索取号:P425.4-54/153] | 在馆 | |
| 2 | 1204337 | 212043377 | 第三借阅区/ [索取号:P425.4-54/153] | 在馆 | |
| 3 | 1204338 | 212043386 | 第三借阅区/ [索取号:P425.4-54/153] | 在馆 | |
| 4 | 1204339 | 212043395 | 第三借阅区/ [索取号:P425.4-54/153] | 在馆 |